000 00604nam a22002177a 4500
003 DO-SdBNP
005 20171130115616.0
008 171108b 2005 xxu |||| 00| 0 spa d
020 _a0736911588
040 _aBPMSU
_bspa
_cBPMSU
092 _axxxx
_bxxxx
100 1 _aWick, Lori
245 1 0 _aMoonlight on the millpondb/
_cLori Wick.
260 _aEugene, Oregon :
_bHarvest House,
_c2005.
300 _a284 p.
_c20 cm.
490 1 _aTucker Mills trilogy
830 0 _aTucker Mills trilogy
942 _2ddc
_cBK
945 _aInventariado 2017 /LP
956 _aLOPEREZ
_b10
_c20171108
_d0041
999 _c12811
_d12811